Państwa z najdłuższymi granicami lądowymi w Europie. - Statystyki

Ogólne statystyki
  • Ten quiz został rozwiązany 132 razy
  • Średni wynik to 9 z 10
Statystyki odpowiedzi
Km Państwo % Poprawnych
2892 Francja
100%
3621 Niemcy
100%
5025 Rosja
99%
3071 Polska
97%
4558 Ukraina
96%
2208 Szwecja
93%
1953 Hiszpania
92%
2986 Białoruś
88%
2242 Węgry
77%
2111 Serbia
75%
Nie znaleziono quizów pasujących do podanych kryteriów
Rozkład punktacji
Procent ludzi z każdym wynikiem
Percentyl według liczby udzielonych odpowiedzi
Twoja historia wyników
Nie rozwiązałeś tego quizu